000 00416nam a2200169Ia 4500
008 221030s9999 xx 000 0 und d
020 _a8173662118
041 _aEnglish
082 _a105.23
100 _aK. Avedal
245 0 _aProfessional JSP Java Server Pages ( DEPARTMENTAL )
260 _bShroff Pub.
_aNew Delhi
_c2000
300 _a897
650 _aCSE Departmental
700 _aD. Ayers
942 _cBK
999 _c5612
_d5612